<?xml version="1.0" encoding="UTF-8"?>
<record
    xmlns:xsi="http://www.w3.org/2001/XMLSchema-instance"
    xsi:schemaLocation="http://www.loc.gov/MARC21/slim http://www.loc.gov/standards/marcxml/schema/MARC21slim.xsd"
    xmlns="http://www.loc.gov/MARC21/slim">

  <leader>00582nam a2200205Ia 4500</leader>
  <controlfield tag="003">STCL</controlfield>
  <controlfield tag="008">230729s9999    xx            000 0 und d</controlfield>
  <datafield tag="020" ind1=" " ind2=" ">
    <subfield code="a">9788190551007</subfield>
  </datafield>
  <datafield tag="040" ind1=" " ind2=" ">
    <subfield code="a">STCL</subfield>
    <subfield code="c">STCL</subfield>
    <subfield code="b">EN</subfield>
  </datafield>
  <datafield tag="082" ind1=" " ind2=" ">
    <subfield code="2">22</subfield>
  </datafield>
  <datafield tag="100" ind1=" " ind2=" ">
    <subfield code="a">Balakrishnan, Kavumbayi</subfield>
  </datafield>
  <datafield tag="245" ind1=" " ind2="0">
    <subfield code="a">&#xD2E;&#xD32;&#xD2F;&#xD3E;&#xD33; &#xD36;&#xD3E;&#xD38;&#xD4D;&#xD24;&#xD4D;&#xD30; &#xD38;&#xD3E;&#xD39;&#xD3F;&#xD24;&#xD4D;&#xD2F; &#xD2A;&#xD4D;&#xD30;&#xD38;&#xD4D;&#xD25;&#xD3E;&#xD28;&#xD02;</subfield>
  </datafield>
  <datafield tag="246" ind1=" " ind2=" ">
    <subfield code="a">Malayala sasthrasahithya prasthanam</subfield>
  </datafield>
  <datafield tag="250" ind1=" " ind2=" ">
    <subfield code="a">2</subfield>
  </datafield>
  <datafield tag="260" ind1=" " ind2=" ">
    <subfield code="b">Kearala Sasthra Sahithya Parishath</subfield>
    <subfield code="a">Thrissur</subfield>
    <subfield code="c">2011</subfield>
  </datafield>
  <datafield tag="300" ind1=" " ind2=" ">
    <subfield code="a">240 p</subfield>
  </datafield>
  <datafield tag="365" ind1=" " ind2=" ">
    <subfield code="b">120</subfield>
  </datafield>
  <datafield tag="546" ind1=" " ind2=" ">
    <subfield code="a">Malayalam</subfield>
  </datafield>
  <datafield tag="942" ind1=" " ind2=" ">
    <subfield code="2">DDC</subfield>
    <subfield code="e">22</subfield>
    <subfield code="c">BK</subfield>
  </datafield>
  <datafield tag="999" ind1=" " ind2=" ">
    <subfield code="c">90803</subfield>
    <subfield code="d">90803</subfield>
  </datafield>
  <datafield tag="952" ind1=" " ind2=" ">
    <subfield code="0">0</subfield>
    <subfield code="1">0</subfield>
    <subfield code="2">DDC</subfield>
    <subfield code="4">0</subfield>
    <subfield code="7">0</subfield>
    <subfield code="a">STCAL</subfield>
    <subfield code="b">STCAL</subfield>
    <subfield code="c">GEN</subfield>
    <subfield code="d">2023-07-29</subfield>
    <subfield code="l">2</subfield>
    <subfield code="o">M815 BAL-M</subfield>
    <subfield code="p">J01495</subfield>
    <subfield code="q">2026-07-14</subfield>
    <subfield code="r">2026-06-30 11:35:30</subfield>
    <subfield code="s">2026-06-30</subfield>
    <subfield code="w">2023-07-29</subfield>
    <subfield code="y">BK</subfield>
  </datafield>
</record>
